| 000 | 00814nam a2200277 a 4500 | ||
|---|---|---|---|
| 001 | 24806 | ||
| 003 | CO-ViMGA | ||
| 008 | 141112s2004 ck r 000 u spa d | ||
| 015 | _ack - 2003 - xxxx | ||
| 020 | _a9586825116 | ||
| 040 |
_aCO-ViMGA _bspa _cCO-ViMGA |
||
| 041 | _aspa | ||
| 082 | 0 | 4 | _a925.1 T66m |
| 100 | 1 |
_aTonda, Juan _937054 |
|
| 245 | 1 | 0 |
_aEl matemático que defendió su ciudad : _bArquímedes / _cJuan Tonda. |
| 260 |
_aBogotá : _bColciencias, _c2003. |
||
| 300 | _a100 p. : il. ; 21 cm. | ||
| 490 | _aViajeros del conocimiento | ||
| 500 | _aCoedición : Alfaomega. | ||
| 596 | _a5 7 | ||
| 600 |
_aArquimedes, 287 - 212 a.C. Biografías _937055 |
||
| 650 | 1 | 4 |
_aArquimedes _937056 |
| 650 | 1 | 4 |
_aMatemáticos griegos - Biografías _937057 |
| 917 | _a6302 20031205 | ||
| 942 |
_2ddc _cBK |
||
| 999 |
_c32608 _d32608 |
||